000 00586cam a2200181 4500500
005 20260329005621.0
041 _afre
042 _adc
100 1 0 _aLegros, Martin
_eauthor
245 0 0 _a"Désaimer" : le vibrant "Manuel d’un retour à la vie" de Fabienne Brugère
260 _c2024.
500 _a3
690 _aAmour
690 _aFabienne Brugère
690 _aRupture
786 0 _nPhilosophie magazine | 179 | 5 | 2024-05-01 | p. 57-58 | 1951-1787
856 4 1 _uhttps://shs.cairn.info/magazine-philosophie-magazine-2024-5-page-57?lang=fr&redirect-ssocas=7080
999 _c1845032
_d1845032